Statistics for Geography Mega Generator Puzzle #3

Click here to take the quiz!

General Stats

  • This quiz has been taken 755 times
  • The average score is 7 of 22

Answer Stats

hintanswer% Correct
Papua New Guinea's 4-letter currencyKina
85%
Home to Juventus, a shroud and a winter OlympicsTurin
65%
The presence of this makes 71% of the world uninhabitableWater
61%
Least guessed mainland American country on JetpunkSuriname
50%
Japanese art form using treesBonsai
46%
Japan's 4-letter 6th city, famous for its beefKobe
45%
Destructive air vortex that became a disaster movie titleTwister
45%
Afghan region where Osama bin Laden wasn't foundTora {Bora}
39%
8-letter locationBOTSWANA
37%
United ____ ; its flag is white and pale blueNations
37%
Short-legged marsupial only found in AustraliaWombat
35%
12-letter locationTURKMENISTAN
29%
Capital of a large (pop 33 mil) northern African kingdomRabat
28%
Caribbean island split between 2 nationsSaint Martin
27%
Capital of a small (pop 2 mil) southern African kingdomMaseru
22%
Gained independence, after much loss of life, in 1999East Timor
18%
Iditerod's final Alaskan destination, every snowy MarchNome
18%
4-letter city, Northern Nigeria's largest; pop 2 millionKano
14%
Dutch-speaking southern part of ^^^, became a country in 2010Sint Maarten
14%
4-letter, glacier-formed, small mountain lakeTarn
14%
Monastic Scottish island, popular with touristsIona
9%
Pacific atoll claimed by Marshall Islands, with a US military base{Wake} Island
7%

Score Distribution

Percentile by Number Answered

Percent of People with Each Score

Your Score History

You have not taken this quiz